| 000 | 00482nam a2200193Ia 4500 | ||
|---|---|---|---|
| 008 | 210210b2008 xxu||||| |||| 00| 0 eng d | ||
| 020 | _a0195694570 | ||
| 041 | _aeng | ||
| 082 | _a658.15 SRIF | ||
| 100 | _aSRIVASTAVA (Rajiv) | ||
| 245 | _aFinancial management | ||
| 260 |
_aNew Delhi _bOxford University Press _c2008 |
||
| 300 | _axviii,794 | ||
| 650 | _amanagement | ||
| 650 | _aFinancial | ||
| 690 | _aFinancial Management | ||
| 700 | _aMISRA (Anil) | ||
| 906 | _a064971 | ||
| 999 |
_c141847 _d141847 |
||